000 00726nam a22002417a 4500
999 _c22449
_d22449
003 OSt
005 20220824145209.0
008 191004s2019 pe 000 0 spa
010 _a 2019276608
020 _a9786124783388
035 _a(PE-LiEIC)it201600017242
040 _cBiblioteca Municipal de Cusco
082 _a869.57/C5788P
_b5788P
100 1 _aChuquicaña Saldaña, Yero
_948224
245 1 0 _aPeruanos de segunda mano /
_cYero Chuquicaña Saldaña
250 _aPrimera edición
264 1 _aArequipa :
_bAletheya,
_c2019.
300 _a112 páginas ;
_c21 cm.
500 _aCuentos
500 _a"Amor, terror, hambre"--Cubierta.
650 _aCuentos peruanos
_ySiglo XXI
_948225
942 _2ddc
_cLIBROS